000 00808na a2200265 4500
001 24642
003 Milas
005 20190109124342.0
008 190104b tu 000 0
020 _a9758658379
041 _atur
082 _a323.11959056
_bG95y 2003
090 _a323.11959056 G95y 2003
100 _aGünaydın, Eşref
245 _aYahudi Kürtler
_bBabil'in kayıp çocukları
_cEşref Günaydın
246 _aBabil'in kayıp çocukları
260 _aİstanbul
_bKarakutu yayınları
_c2003
300 _a86 s.
_bfotğ.
_c21 sm.
440 _aKarakutu yayınları
_v32
490 _asatırarası
_v12
650 _aYahudiler
_xOrtadoğu
_xTarih
650 _aKürtler
_xOrtadoğu
_xTarih
650 _aYahudi Kürtler
_xOrtadoğu
_xTarih
740 _aBabil'in kayıp çocukları
999 _c12592
_d12592